[Event "Superettan(Kamraterna-Sollentuna)"]
[Site "?"]
[Date "2013.11.22"]
[Round "1"]
[White "Poley, Vladimir"]
[Black "Svensson, Bengt"]
[Result "1/2-1/2"]
[WhiteElo "2439"]
[BlackElo "2408"]
[PlyCount "98"]
[SourceDate "2013.12.04"]

1. d4 d5 2. Nf3 Nf6 3. e3 c5 4. b3 Nc6 5. Bb2 Bg4 6. h3 Bh5 7. Be2 e6 8. O-O
Be7 9. dxc5 Bxc5 10. Nbd2 O-O 11. Ne5 Bxe2 12. Qxe2 Rc8 13. Nxc6 Rxc6 14. c4
dxc4 15. Nxc4 Be7 16. Rfd1 Qc8 17. Bd4 b6 18. a4 Nd7 19. e4 Rd8 20. Qg4 Bf6 21.
e5 Be7 22. Rd3 a6 23. Rg3 g6 24. Rf3 b5 25. Qf4 Rf8 26. axb5 axb5 27. Ne3 Rc1+
28. Rxc1 Qxc1+ 29. Kh2 Qc7 30. g3 f5 31. exf6 Qxf4 32. Rxf4 Bxf6 33. Bxf6 Rxf6
34. Rxf6 Nxf6 35. Kg2 Kf7 36. Kf3 Ke7 37. Kf4 Kd6 38. Nc2 h6 39. Ke3 Nd7 40.
Nd4 b4 41. Nc2 Nc5 42. Nxb4 Nxb3 43. Nd3 e5 44. h4 Ke6 45. g4 h5 46. gxh5 gxh5
47. f4 exf4+ 48. Nxf4+ Kf5 49. Nxh5 Kg4 1/2-1/2

[Event "Superettan(Kamraterna-Sollentuna)"]
[Site "?"]
[Date "2013.11.22"]
[Round "1"]
[White "Aberg, Anton"]
[Black "Tsyhanchuk, Stanislav"]
[Result "1-0"]
[WhiteElo "2412"]
[BlackElo "2400"]
[PlyCount "129"]

1. d4 Nf6 2. Bg5 c5 3. d5 Qb6 4. Nc3 d6 5. e4 Nbd7 6. Bd2 g6 7. f4 Bg7 8. Nf3
O-O 9. Bc4 Qc7 10. a4 Nb6 11. Be2 Bg4 12. O-O Nbd7 13. Kh1 a6 14. Ng5 Bxe2 15.
Qxe2 Nh5 16. Rae1 h6 17. Nf3 b5 18. g4 Nhf6 19. Rg1 b4 20. Nd1 Qb7 21. g5 hxg5
22. Rxg5 Nh7 23. Rg2 Kh8 24. Reg1 Rg8 25. Rg3 Ndf8 26. Rh3 e6 27. Qd3 Rc8 28.
Ne3 Qd7 29. Ng5 Bf6 30. Nxh7 Nxh7 31. Ng4 Qe7 32. Rxh7+ Kxh7 33. Qh3+ Bh4 34.
Be1 exd5 35. Bxh4 Qxe4+ 36. Rg2 Kg7 37. Bf6+ Kf8 38. Qh6+ Ke8 39. Bh4 Qf3 40.
Nf6+ Kd8 41. Nxg8+ Kc7 42. Bf2 Rxg8 43. Qh7 Rd8 44. Qxf7+ Rd7 45. Qxg6 Qxf4 46.
Qd3 Qe4 47. Qxa6 Qxc2 48. Qa7+ Kc6 49. Qa8+ Kc7 50. a5 Qb1+ 51. Bg1 Qe4 52.
Qa7+ Kc8 53. Qa6+ Kd8 54. Qb6+ Ke7 55. a6 Rd8 56. Qc7+ Rd7 57. Qb8 Rd8 58. a7
d4 59. h3 d3 60. Be3 Kd7 61. Bf4 Ke8 62. Kg1 Qd4+ 63. Rf2 Qe4 64. Kh2 Qa8 65.
Bxd6 1-0

[Event "Superettan(Kamraterna-Sollentuna)"]
[Site "?"]
[Date "2013.11.22"]
[Round "1"]
[White "Berdychevaskaya, Natasha"]
[Black "Mohammadi, Amir"]
[Result "1-0"]
[WhiteElo "2199"]
[BlackElo "2292"]
[PlyCount "97"]

1. e4 c5 2. Nf3 e6 3. d4 cxd4 4. Nxd4 Nf6 5. Nc3 d6 6. Be2 a6 7. f4 Qc7 8. O-O
Be7 9. Qe1 b5 10. a3 Bb7 11. Bf3 O-O 12. Qg3 Nbd7 13. Re1 Rab8 14. Kh1 Kh8 15.
e5 Ne8 16. Bd2 g6 17. Rad1 d5 18. Qh3 Bc5 19. Nce2 Nb6 20. g4 Nc4 21. Bc1 Ng7
22. Rd3 f6 23. exf6 Rxf6 24. g5 Rff8 25. b3 e5 26. bxc4 bxc4 27. Rdd1 exd4 28.
Nxd4 Qb6 29. Ne6 d4 30. Nxf8 Rxf8 31. Bxb7 Qxb7+ 32. Qg2 Qd7 33. Re5 Qc7 34.
Qd5 Bb6 35. Rde1 Rd8 36. Qe4 Bc5 37. Bb2 c3 38. Bc1 Qd6 39. Qb7 Qf8 40. Qxa6
Bd6 41. R5e4 Nf5 42. Qc6 Be7 43. a4 Rc8 44. Qe6 Ra8 45. Qe5+ Kg8 46. Qd5+ Kg7
47. Rxe7+ Nxe7 48. Qxd4+ Kg8 49. Ba3 1-0

[Event "Superettan(Kamraterna-Sollentuna)"]
[Site "?"]
[Date "2013.11.22"]
[Round "1"]
[White "Madebrink, Lars"]
[Black "Kassani, Sam"]
[Result "1/2-1/2"]
[WhiteElo "2236"]
[BlackElo "2249"]
[PlyCount "104"]

1. d4 d5 2. Nf3 Nf6 3. c4 c6 4. e3 Bf5 5. Nc3 e6 6. Be2 Bd6 7. O-O Nbd7 8. Bd2
h6 9. Rc1 O-O 10. a3 dxc4 11. Bxc4 Qe7 12. Re1 Ne4 13. Nxe4 Bxe4 14. Bc3 Rae8
15. Nd2 Bg6 16. e4 e5 17. d5 cxd5 18. Bxd5 Nb6 19. Nc4 Nxc4 20. Bxc4 Kh7 21.
Qe2 Rc8 22. Bd5 Rfd8 23. Bd2 Bc5 24. Be3 b6 25. Qa6 Rb8 26. b4 Bxe3 27. Rxe3 f5
28. Qe2 f4 29. Rec3 Rd7 30. Qg4 Bf7 31. Qf5+ Bg6 32. Qh3 Rbd8 33. Qg4 Bf7 34.
Bxf7 Qxf7 35. h3 Rd4 36. Rc7 R8d7 37. Rc8 f3 38. Ra8 Rd1+ 39. Rxd1 Rxd1+ 40.
Kh2 Rd3 41. a4 fxg2 42. Qf5+ Qxf5 43. exf5 Rxh3+ 44. Kxg2 Rh4 45. Rxa7 Rxb4 46.
f6 Rg4+ 47. Kf1 Rg6 48. f7 Rf6 49. Rb7 Rf4 50. Rxb6 Rxf7 51. a5 Rf3 52. Re6 Ra3
1/2-1/2

[Event "Superettan(Kamraterna-Sollentuna)"]
[Site "?"]
[Date "2013.11.22"]
[Round "1"]
[White "Aroven, Mikael"]
[Black "Svenn, Matti"]
[Result "0-1"]
[WhiteElo "2250"]
[BlackElo "2222"]
[PlyCount "94"]

1. c4 Nf6 2. g3 g6 3. Bg2 Bg7 4. Nc3 O-O 5. Nf3 d5 6. cxd5 Nxd5 7. O-O Nc6 8.
a3 Nxc3 9. bxc3 e5 10. Qc2 Bf5 11. e4 Be6 12. d3 h6 13. Rb1 b6 14. Rd1 Qe7 15.
d4 Bg4 16. d5 Na5 17. h3 Bd7 18. a4 c5 19. c4 f5 20. Nh4 Qe8 21. Ra1 Rd8 22.
Bd2 Nb7 23. a5 Nd6 24. exf5 g5 25. f6 Bxf6 26. Nf3 Bf5 27. Qb3 Qg6 28. Ra2 Rb8
29. axb6 Rxb6 30. Qa4 Rb1 31. Re1 e4 32. Nh2 e3 33. fxe3 Be5 34. Qxa7 Bxg3 35.
Rxb1 Bxb1 36. Nf3 Bxa2 37. Qxa2 g4 38. hxg4 Qxg4 39. Qc2 Ne4 40. Qd1 Bf2+ 41.
Kf1 Bh4 42. Ba5 Ng5 43. d6 Nxf3 44. Qd5+ Kh7 45. d7 Nd2+ 46. Kg1 Bf2+ 47. Kh2
Qg3+ 0-1

[Event "Superettan(Kamraterna-Sollentuna)"]
[Site "?"]
[Date "2013.11.22"]
[Round "1"]
[White "Andersson, Johan"]
[Black "Jakenberg, Jussi"]
[Result "1/2-1/2"]
[WhiteElo "2217"]
[BlackElo "2104"]
[PlyCount "115"]

1. e4 e5 2. Nf3 Nf6 3. Nc3 Bb4 4. Nxe5 O-O 5. Be2 Bxc3 6. dxc3 Nxe4 7. c4 d6 8.
Nd3 Nc6 9. Be3 Re8 10. O-O Bf5 11. c3 b6 12. Rc1 a5 13. Bf3 Ne5 14. Nxe5 Rxe5
15. Bf4 Re8 16. Qd5 Qf6 17. Rfe1 Nc5 18. Re3 Nd3 19. Qc6 Rf8 20. Rxd3 Bxd3 21.
Be3 Rac8 22. Rd1 Qg6 23. Qd5 Bf5 24. Rd4 Be6 25. Qb5 Qb1+ 26. Bd1 Qxa2 27. Bc2
Rfe8 28. h3 Rcd8 29. Qh5 g6 30. Qh6 Rd7 31. Rh4 f5 32. Bd4 Qxc4 33. Bg7 Rxg7
34. Rxc4 Bxc4 35. b3 Bd5 36. Qd2 Be4 37. Bd1 Rge7 38. b4 axb4 39. Bb3+ d5 40.
f3 Bxf3 41. gxf3 Re1+ 42. Kf2 R1e2+ 43. Qxe2 Rxe2+ 44. Kxe2 bxc3 45. Bxd5+ Kg7
46. Kd3 Kf6 47. Kxc3 Ke5 48. Bg8 h6 49. Kc4 Kf4 50. Bf7 Kxf3 51. Bxg6 Ke4 52.
Kb5 Ke5 53. Kc6 f4 54. Bd3 h5 55. Kxc7 h4 56. Kxb6 f3 57. Kc5 Kf4 58. Kd4
1/2-1/2

[Event "Superettan(Kamraterna-Sollentuna)"]
[Site "?"]
[Date "2013.11.22"]
[Round "1"]
[White "Jansson Owen, Anders"]
[Black "Eriksson, Magnus"]
[Result "0-1"]
[WhiteElo "2123"]
[BlackElo "2124"]
[PlyCount "110"]
[EventDate "2013.??.??"]

1. Nf3 Nf6 2. c4 g6 3. Nc3 c5 4. e4 d6 5. d4 cxd4 6. Nxd4 Bg7 7. Be2 O-O 8. Be3
Nc6 9. O-O Bd7 10. Qd2 Nxd4 11. Bxd4 Bc6 12. f3 Nd7 13. Be3 a5 14. b3 Nc5 15.
Rab1 Qb6 16. Rfc1 Rfc8 17. Rc2 h5 18. Kh1 Qd8 19. Nd5 Bxd5 20. exd5 Qd7 21.
Rcc1 Kh7 22. Bd1 e5 23. dxe6 Qxe6 24. Bc2 Re8 25. Re1 Qe5 26. Bf4 Qc3 27. Qxc3
Bxc3 28. Rxe8 Rxe8 29. Bxd6 b6 30. Rd1 Re2 31. Bb1 Ne6 32. h3 h4 33. Bh2 Bd4
34. Bg1 Bxg1 35. Rxg1 Nf4 36. Kh2 Kg7 37. Kh1 Kf6 38. Kh2 Ke5 39. Kh1 Kd4 40.
Kh2 a4 41. bxa4 Kxc4 42. Rc1+ Kb4 43. Rc2 Rxc2 44. Bxc2 Ne2 45. Bd3 Nd4 46. Kg1
Kc3 47. Ba6 f5 48. f4 Ne6 49. Kf2 Nxf4 50. Kf3 Nd3 51. Ke3 Ne1 52. Bb7 g5 53.
Kf2 Nc2 54. g3 hxg3+ 55. Kxg3 Kd4 0-1

[Event "Superettan(Kamraterna-Sollentuna)"]
[Site "?"]
[Date "2013.11.22"]
[Round "1"]
[White "Martensson, Ulf"]
[Black "Stromback, Henrik"]
[Result "1/2-1/2"]
[WhiteElo "2130"]
[BlackElo "1862"]
[PlyCount "117"]
[SourceDate "2013.12.04"]

1. d4 d5 2. Nf3 e6 3. c4 f5 4. g3 Nf6 5. Bg2 c6 6. O-O Bd6 7. b3 Qe7 8. Bb2 O-O
9. Qc1 Nbd7 10. Ba3 Ne4 11. Bxd6 Qxd6 12. Qb2 Ndf6 13. Nbd2 Bd7 14. Ne5 Be8 15.
Nxe4 fxe4 16. f3 exf3 17. exf3 Nd7 18. c5 Qe7 19. Nxd7 Qxd7 20. Rae1 Bg6 21.
Re3 Rf6 22. Rfe1 b6 23. b4 Rb8 24. Rc1 Qb7 25. a3 a5 26. Rb3 axb4 27. Rxb4 b5
28. a4 Be8 29. axb5 cxb5 30. f4 Rf7 31. Bf1 Qc6 32. Rb1 Rfb7 33. Ra1 Rc7 34.
Ra5 Rcb7 35. Qa3 Bd7 36. Ra6 Qc7 37. Bh3 Kf7 38. Qa2 g6 39. Qe2 Re8 40. Qa2 Bc6
41. Bf1 Reb8 42. Bd3 Re8 43. Ra5 Reb8 44. h4 Qd7 45. Kf2 Kg7 46. Kg2 Qf7 47.
Qb1 Qc7 48. Ra3 Ra7 49. Rxa7 Qxa7 50. h5 Be8 51. hxg6 hxg6 52. Qb2 Qa5 53. Kf3
Bd7 54. Kg2 Be8 55. Qb1 Qa3 56. Rb3 Qa4 57. Rb4 Qa3 58. Rb3 Qa4 59. Rb4 1/2-1/2

[Event "Superettan(Rockaden,Umea-Schack 08)"]
[Site "?"]
[Date "2013.11.22"]
[Round "1"]
[White "Laveryd, Peter"]
[Black "Petrov, Marijan"]
[Result "0-1"]
[WhiteElo "2438"]
[BlackElo "2551"]
[PlyCount "68"]
[SourceDate "2013.12.05"]

1. e4 c5 2. d4 cxd4 3. c3 Nf6 4. e5 Nd5 5. Nf3 e6 6. cxd4 d6 7. Nc3 Nxc3 8.
bxc3 Qc7 9. Bd2 Nd7 10. exd6 Bxd6 11. Bd3 b6 12. O-O Bb7 13. h3 O-O 14. Re1 Bf4
15. Bxf4 Qxf4 16. Ne5 Nxe5 17. Rxe5 Rac8 18. Qe1 Rc7 19. a4 Rfc8 20. Ra3 Bd5
21. a5 g6 22. axb6 axb6 23. Bf1 Kg7 24. Qa1 Bc4 25. Bxc4 Rxc4 26. Qb2 Rxd4 27.
Re1 Rd2 28. Qxb6 Rb8 29. Qc5 Rbb2 30. Qe5+ Qxe5 31. Rxe5 Rxf2 32. Rg5 f5 33.
Rg3 f4 34. Rg5 Kf6 0-1

[Event "Superettan(Rockaden,Umea-Schack 08)"]
[Site "?"]
[Date "2013.11.22"]
[Round "1"]
[White "Wickstrom, Lucas"]
[Black "Ingbrant, Johan"]
[Result "1-0"]
[WhiteElo "2397"]
[BlackElo "2440"]
[PlyCount "71"]
[EventDate "2013.??.??"]

1. d4 d5 2. c4 c6 3. cxd5 cxd5 4. Nc3 Nc6 5. Bf4 e5 6. Bxe5 Nxe5 7. dxe5 d4 8.
Ne4 Qa5+ 9. Nd2 Ne7 10. Ngf3 Nc6 11. a3 Bg4 12. b4 Qd5 13. Qb3 O-O-O 14. Qxd5
Rxd5 15. h3 Bxf3 16. Nxf3 a5 17. e4 dxe3 18. Bc4 Rxe5 19. Nxe5 Nxe5 20. bxa5
Kb8 21. Bb5 exf2+ 22. Kxf2 Bc5+ 23. Ke2 f6 24. Rhc1 Bd6 25. Rd1 Be7 26. a4 Ka7
27. Rac1 Bb4 28. Rc7 Bxa5 29. Rxg7 Rc8 30. Bd3 Re8 31. Kf1 Re6 32. Bf5 Rb6 33.
Rb1 Bb4 34. Rxh7 Ka6 35. Be4 Nc4 36. Bd3 1-0

[Event "Superettan(Rockaden,Umea-Schack 08)"]
[Site "?"]
[Date "2013.11.22"]
[Round "1"]
[White "Schutz, Ingemar"]
[Black "Malmstig, Erik"]
[Result "0-1"]
[WhiteElo "2242"]
[BlackElo "2312"]
[PlyCount "128"]

1. e4 e5 2. Nf3 Nc6 3. Bb5 a6 4. Ba4 Bc5 5. O-O b5 6. Bb3 d6 7. a4 Rb8 8. axb5
axb5 9. c3 Qf6 10. d3 Bg4 11. Be3 Bxf3 12. Qxf3 Qxf3 13. gxf3 Nge7 14. f4 O-O
15. fxe5 Bxe3 16. exd6 Bf4 17. dxe7 Nxe7 18. Rd1 b4 19. Bc4 Ng6 20. cxb4 Rxb4
21. b3 Be5 22. d4 Rd8 23. Nc3 Bxd4 24. Nd5 Bxa1 25. Ne7+ Kf8 26. Nxg6+ Ke8 27.
Rxa1 hxg6 28. Ra5 Rbb8 29. Rc5 Rdc8 30. Ba6 Rd8 31. Bc4 Rb7 32. Bd5 Ra7 33. f4
Ke7 34. Kf2 f6 35. Ke3 Rh8 36. Rc2 Rh3+ 37. Kd4 Rf3 38. Rg2 Rxf4 39. Rxg6 Kf8
40. Rg3 g5 41. Kc5 Ra2 42. h3 Rc2+ 43. Kd4 Ke7 44. Bc4 Rcf2 45. Rg1 R2f3 46.
Kd5 Re3 47. Kc6 Rexe4 48. Kxc7 Rxc4+ 49. bxc4 Rxc4+ 50. Kb6 Rc3 51. Rh1 Kf7 52.
Kb5 Kg6 53. Kb4 Re3 54. Kc4 f5 55. Kd4 f4 56. h4 g4 57. h5+ Kh6 58. Rh4 Kg5 59.
Rh1 Rh3 60. Rf1 g3 61. Ke4 g2 62. Rg1 Re3+ 63. Kd4 Re2 64. Kd3 f3 0-1

[Event "Superettan(Rockaden,Umea-Schack 08)"]
[Site "?"]
[Date "2013.11.22"]
[Round "1"]
[White "Faldt, Magnus"]
[Black "Eriksson, Jorgen"]
[Result "1/2-1/2"]
[WhiteElo "2179"]
[BlackElo "2266"]
[PlyCount "103"]

1. d4 Nf6 2. c4 g6 3. Nc3 Bg7 4. e4 d6 5. Nf3 O-O 6. h3 Na6 7. Bg5 c5 8. d5 Nc7
9. Bd3 a6 10. a4 Rb8 11. a5 b5 12. axb6 Rxb6 13. Qd2 Nd7 14. O-O f6 15. Bf4 Ne5
16. Be2 Bd7 17. Nxe5 fxe5 18. Be3 Qb8 19. Rfb1 Rb4 20. Na2 Rb3 21. Nc1 Rb6 22.
Nd3 e6 23. Qc2 exd5 24. cxd5 Nb5 25. b4 Nd4 26. Bxd4 cxd4 27. Bg4 Bxg4 28. hxg4
Bh6 29. Ra2 Rc8 30. Qd1 Rc3 31. Rba1 Qb7 32. b5 Bf8 33. bxa6 Qa7 34. Rb1 Rxa6
35. Rab2 Qf7 36. Rb7 Rc7 37. Rb8 Raa7 38. g5 Rab7 39. Qg4 Rxb1+ 40. Rxb1 Qd7
41. Qxd7 Rxd7 42. f4 Bg7 43. Rb8+ Kf7 44. Kf2 exf4 45. Nxf4 Ra7 46. Rb3 Be5 47.
Ne6 Ra2+ 48. Kf3 Rc2 49. Rb7+ Ke8 50. Rb8+ Ke7 51. Rb7+ Ke8 52. Rb8+ 1/2-1/2

[Event "Superettan(Rockaden,Umea-Schack 08)"]
[Site "?"]
[Date "2013.11.22"]
[Round "1"]
[White "Lindgren, Fredrik"]
[Black "Arvidsson, Tomas"]
[Result "1-0"]
[WhiteElo "2260"]
[BlackElo "2008"]
[PlyCount "81"]

1. d4 Nf6 2. Nf3 g6 3. c4 Bg7 4. Nc3 d6 5. e4 O-O 6. Be2 Nbd7 7. O-O e5 8. d5
Nc5 9. Qc2 a5 10. a3 a4 11. Be3 Nfd7 12. Nd2 f5 13. exf5 gxf5 14. f4 e4 15. g4
Qh4 16. Kh1 Qh3 17. Nd1 fxg4 18. Rg1 Nf6 19. Nf1 Qh4 20. Nf2 Bd7 21. Ng3 Rae8
22. Rad1 b6 23. Bf1 Kh8 24. Be2 Qh6 25. Rg2 Rf7 26. Rdg1 Qh4 27. Qd1 h5 28. f5
Nh7 29. Nxh5 Be5 30. Nxg4 Bxb2 31. Qc2 Be5 32. Nxe5 dxe5 33. Ng7 Rg8 34. Rg4
Qe7 35. Ne6 Rxg4 36. Bxg4 Nd3 37. Qg2 Bxe6 38. dxe6 Rf8 39. Qxe4 Qxa3 40. Be2
Nc5 41. Qxe5+ 1-0

[Event "Superettan(Rockaden,Umea-Schack 08)"]
[Site "?"]
[Date "2013.11.22"]
[Round "1"]
[White "Andersson, Bo"]
[Black "Nygren, David"]
[Result "1-0"]
[WhiteElo "1965"]
[BlackElo "2231"]
[PlyCount "155"]
[SourceDate "2013.12.05"]

1. Nf3 Nf6 2. c4 e6 3. Nc3 d5 4. d4 Be7 5. Bg5 O-O 6. e3 b6 7. cxd5 exd5 8. Qc2
Be6 9. Bd3 h6 10. Bh4 c5 11. O-O Nc6 12. a3 cxd4 13. Nxd4 Nxd4 14. exd4 Nh5 15.
Bxe7 Qxe7 16. f4 f5 17. Rae1 Qf6 18. Re5 g6 19. Qe2 Bf7 20. Qf3 Kh8 21. Rd1
Rad8 22. g3 Qd6 23. Rde1 Nf6 24. Nb5 Qb8 25. Re7 Rd7 26. Rxd7 Nxd7 27. Re7 Qd8
28. Qe3 Kg7 29. Nxa7 Re8 30. Rxe8 Bxe8 31. Nc6 Qf6 32. Bb5 Bf7 33. Ne5 Nf8 34.
Nxf7 Kxf7 35. Be8+ Kg7 36. Qe5 Ne6 37. Bc6 Nxd4 38. Qxf6+ Kxf6 39. Bxd5 Ke7 40.
Kf2 Kd6 41. Bf7 g5 42. Ke3 Nc2+ 43. Kd3 Ne1+ 44. Ke2 Nc2 45. Bg6 gxf4 46. gxf4
Ke6 47. Be8 Ke7 48. Ba4 Nd4+ 49. Ke3 Ne6 50. b4 Nc7 51. Bc6 Kd6 52. Bb7 Nb5 53.
a4 Nc3 54. a5 bxa5 55. bxa5 Kc7 56. a6 Nb5 57. Kd3 Kb6 58. Kc4 Na3+ 59. Kd5 Nc2
60. Ke5 Ne3 61. Bc8 Nc4+ 62. Kf6 Ne3 63. Bxf5 Kxa6 64. Be6 Kb6 65. Kg6 Kc7 66.
Kxh6 Kd6 67. Bc8 Ke7 68. Kg7 Nd5 69. f5 Nf6 70. h4 Nh5+ 71. Kh6 Ng3 72. Kg5 Kf7
73. Be6+ Ke7 74. h5 Ne4+ 75. Kg6 Nd6 76. h6 Ne4 77. h7 Nf6 78. h8=Q 1-0

[Event "Superettan(Rockaden,Umea-Schack 08)"]
[Site "?"]
[Date "2013.11.22"]
[Round "1"]
[White "Hammar, Ulf"]
[Black "Stenman, Christoffer"]
[Result "0-1"]
[WhiteElo "2208"]
[BlackElo "1935"]
[PlyCount "53"]

1. d4 Nf6 2. Bg5 d5 3. e3 Bf5 4. Bxf6 gxf6 5. Bd3 Qd7 6. Ne2 Nc6 7. O-O O-O-O
8. c4 dxc4 9. Bxf5 Qxf5 10. Qa4 h5 11. Nbc3 Rg8 12. f4 e6 13. Qxc4 h4 14. Rf2
Nb4 15. Rc1 Qd3 16. Nb5 c6 17. f5 Kb8 18. Na3 Qxe3 19. Nc2 Nxc2 20. Rxc2 h3 21.
g3 Bh6 22. Qc3 e5 23. Kf1 exd4 24. Qxe3 Bxe3 25. Rf3 d3 26. Rxe3 dxc2 27. Ke1
0-1

[Event "Superettan(Kungstornet-Limhamn II)"]
[Site "?"]
[Date "2013.11.22"]
[Round "1"]
[White "Mansson, Peter"]
[Black "Lyrberg, Patrik"]
[Result "0-1"]
[WhiteElo "2235"]
[BlackElo "2540"]
[PlyCount "60"]

1. e4 Nf6 2. Nc3 d5 3. e5 d4 4. exf6 dxc3 5. fxg7 cxd2+ 6. Bxd2 Bxg7 7. Qf3 Nc6
8. O-O-O e5 9. Qg3 Qf6 10. Bg5 Qg6 11. Nf3 O-O 12. Bc4 Kh8 13. Rhe1 f6 14. Be3
Qe8 15. Bc5 Rf7 16. Bxf7 Qxf7 17. b3 a5 18. Re2 a4 19. Red2 Be6 20. Kb2 b6 21.
Be3 Qf8 22. Ra1 f5 23. Ng5 Bg8 24. Rd7 f4 25. Qh3 e4+ 26. c3 axb3 27. a3 fxe3
28. Rf7 Qd6 29. Nxe4 Bxc3+ 30. Kxc3 Qd4+ 0-1

[Event "Superettan(Kungstornet-Limhamn II)"]
[Site "?"]
[Date "2013.11.22"]
[Round "1"]
[White "Larsson, Anders"]
[Black "Tadjerbashi, Amir"]
[Result "0-1"]
[WhiteElo "2367"]
[BlackElo "2218"]
[PlyCount "116"]

1. e4 e5 2. Nf3 Nc6 3. Bb5 a6 4. Ba4 Nf6 5. O-O Be7 6. Re1 b5 7. Bb3 O-O 8. Nc3
d6 9. Nd5 Na5 10. Nxe7+ Qxe7 11. h3 c5 12. c3 Nxb3 13. axb3 Bb7 14. d3 Nd7 15.
d4 f5 16. exf5 Rxf5 17. Nh2 Qh4 18. Be3 cxd4 19. cxd4 Nf6 20. Rc1 Nd5 21. Qg4
Qf6 22. dxe5 dxe5 23. Qg3 h5 24. Nf3 Nxe3 25. Rxe3 Bxf3 26. Rxf3 Rxf3 27. Qxf3
Qxf3 28. gxf3 Rf8 29. Kg2 Rf4 30. Rc6 a5 31. Ra6 Rb4 32. Rxa5 Rxb3 33. Ra7 Kf8
34. h4 Rxb2 35. Rb7 Rb1 36. Kg3 b4 37. Kg2 b3 38. Rb5 b2 39. Rb7 Ke8 40. Kh2
Kd8 41. Kg2 Kc8 42. Rb3 Kc7 43. Rb4 Kd6 44. Rb8 Ke6 45. Re8+ Kf7 46. Rb8 g5 47.
hxg5 Kg6 48. Rb5 h4 49. Kh2 h3 50. Rb6+ Kxg5 51. Rb8 Kf6 52. Rf8+ Ke7 53. Rb8
Kd6 54. Rb3 Kc5 55. Rb8 Kc4 56. Rb7 Kc3 57. Rc7+ Kd2 58. Rb7 Ke2 0-1

[Event "Superettan(Kungstornet-Limhamn II)"]
[Site "?"]
[Date "2013.11.22"]
[Round "1"]
[White "Nylen, Anders"]
[Black "Engstrom, Kaj"]
[Result "0-1"]
[WhiteElo "2197"]
[BlackElo "2284"]
[PlyCount "116"]

1. d4 c5 2. d5 e5 3. e4 a6 4. c4 d6 5. Nc3 Be7 6. Be2 Bg5 7. Bg4 Bxc1 8. Rxc1
Nd7 9. Nf3 Ngf6 10. Bf5 Nb6 11. Bxc8 Qxc8 12. Nd2 Nbd7 13. O-O O-O 14. Re1 g6
15. Re3 Nh5 16. g3 Ndf6 17. f3 Qd7 18. a4 Ne8 19. Ne2 f5 20. Ra3 Nef6 21. exf5
gxf5 22. Qc2 Rae8 23. Re3 Re7 24. Re1 f4 25. Nxf4 Nxf4 26. gxf4 Rg7+ 27. Kf2
Qh3 28. Ke2 Qxh2+ 29. Kd1 Qxf4 30. R3e2 b5 31. a5 Rb8 32. Ne4 Nxe4 33. fxe4 b4
34. Rf2 b3 35. Qe2 Qg4 36. Rf6 Qd7 37. Qd2 Rf8 38. Rxf8+ Kxf8 39. Rf1+ Kg8 40.
Qf2 Qf7 41. Qe2 Qg6 42. Kd2 Qh6+ 43. Kc3 Rg3+ 44. Rf3 Qf4 45. Rxg3+ Qxg3+ 46.
Kd2 h6 47. Kd1 Kg7 48. Kd2 Kg6 49. Kd1 h5 50. Qf1 Qg4+ 51. Kd2 Qf4+ 52. Qxf4
exf4 53. e5 dxe5 54. Ke2 e4 55. Kf2 h4 56. Kg2 e3 57. Kf3 h3 58. d6 Kf6 0-1

[Event "Superettan(Kungstornet-Limhamn II)"]
[Site "?"]
[Date "2013.11.22"]
[Round "1"]
[White "Wikner, Arvid"]
[Black "Nilsson, Patrik"]
[Result "1-0"]
[WhiteElo "2289"]
[BlackElo "2068"]
[PlyCount "77"]

1. e4 c5 2. Nc3 Nc6 3. Nf3 g6 4. d4 cxd4 5. Nxd4 Bg7 6. Be3 Nf6 7. Bc4 O-O 8.
O-O Nxe4 9. Bxf7+ Rxf7 10. Nxe4 Rf8 11. c4 Qa5 12. Nc3 Qe5 13. Nf3 Qh5 14. Qd5+
Qxd5 15. cxd5 Ne5 16. Nxe5 Bxe5 17. f4 Bxc3 18. bxc3 d6 19. Bd4 Bf5 20. Rae1
Kf7 21. Re3 b6 22. Rfe1 Rfe8 23. h3 h5 24. Kf2 Rac8 25. Kg3 Rc4 26. Kh4 Bc8 27.
g4 hxg4 28. hxg4 Bb7 29. Kg5 Bxd5 30. Rh3 e5 31. Rh7+ Kg8 32. Rxa7 Bf7 33. fxe5
dxe5 34. Rxe5 Rxe5+ 35. Bxe5 Be8 36. Kf6 Ra4 37. Rg7+ Kh8 38. Ke6 Bb5 39. Rb7+
1-0

[Event "Superettan(Kungstornet-Limhamn II)"]
[Site "?"]
[Date "2013.11.22"]
[Round "1"]
[White "Karlsson, Ulf"]
[Black "Henriksson, Johan"]
[Result "0-1"]
[WhiteElo "2066"]
[BlackElo "2279"]
[PlyCount "40"]

1. e4 c6 2. d4 d5 3. Nc3 dxe4 4. Nxe4 Nf6 5. Nxf6+ gxf6 6. Nf3 Bg4 7. Be2 Nd7
8. O-O Qc7 9. c4 e5 10. Nh4 Bxe2 11. Qxe2 O-O-O 12. d5 Kb8 13. Rd1 Bc5 14. a3
Nb6 15. dxc6 Rxd1+ 16. Qxd1 Rd8 17. Qe2 Qxc6 18. b3 Qe4 19. Be3 Bxe3 20. Qxe3
Qxh4 0-1

[Event "Superettan(Kungstornet-Limhamn II)"]
[Site "?"]
[Date "2013.11.22"]
[Round "1"]
[White "Holving, Rasmus"]
[Black "Morling, Joakim"]
[Result "1-0"]
[WhiteElo "2256"]
[BlackElo "2038"]
[PlyCount "97"]

1. Nc3 d5 2. e4 e6 3. b3 Nf6 4. Bb2 dxe4 5. Qe2 Be7 6. g3 Nc6 7. O-O-O Nd4 8.
Qe1 e5 9. h3 a5 10. d3 O-O 11. dxe4 Nd7 12. f4 f6 13. Nge2 Bc5 14. Na4 Nxe2+
15. Qxe2 Bd6 16. f5 Qe7 17. g4 Kh8 18. Qc4 Nc5 19. Nc3 c6 20. Qe2 b5 21. a3 Ba6
22. Qe3 Nb7 23. Nb1 Bc5 24. Qg3 Nd6 25. Bd3 Rfb8 26. h4 Nc4 27. Bxc4 bxc4 28.
g5 cxb3 29. cxb3 Qf7 30. Nd2 Rf8 31. Nb1 Rfb8 32. gxf6 gxf6 33. Bxe5 fxe5 34.
Qxe5+ Qg7 35. Qxc5 Rxb3 36. Qd4 Rab8 37. Qxg7+ Kxg7 38. Rd7+ Kh6 39. Nd2 Rc3+
40. Kd1 Rxa3 41. Rd6+ Kh5 42. Rxc6 Bb5 43. Rc7 Ra1+ 44. Rc1 Ra2 45. Rg1 Rd8 46.
Rg2 Rd3 47. f6 Re3 48. Rg5+ Kxh4 49. Rxb5 1-0

[Event "Superettan(Kungstornet-Limhamn II)"]
[Site "?"]
[Date "2013.11.22"]
[Round "1"]
[White "Terochin, Piotr"]
[Black "Holmquist, Gunnar"]
[Result "0-1"]
[WhiteElo "1972"]
[BlackElo "2247"]
[PlyCount "112"]
[EventDate "2013.??.??"]

1. e4 e5 2. Nf3 Nc6 3. Nc3 Nf6 4. d4 exd4 5. Nxd4 Bb4 6. Nxc6 bxc6 7. Bd3 d5 8.
e5 Ng4 9. Bf4 f6 10. O-O fxe5 11. Bxe5 Nxe5 12. Re1 O-O 13. Rxe5 Qf6 14. Qe2
Bd6 15. Re8 Bd7 16. Rxa8 Rxa8 17. Re1 Rf8 18. Nd1 Bc5 19. Rf1 Qg5 20. Kh1 Re8
21. Qf3 Bd6 22. Ba6 Bg4 23. Qc3 Bxd1 24. f4 Qh5 25. Qxc6 Bg4 26. Bb5 Rf8 27. g3
Bf3+ 28. Kg1 Be4 29. Bd3 Qf5 30. Rd1 Rd8 31. Bxe4 dxe4 32. Rd5 Qg4 33. Qc4 Qe6
34. f5 Qf7 35. Qxe4 Re8 36. Qf3 Qe7 37. Rd3 Bc5+ 38. Kg2 Qe2+ 39. Kh3 Qxf3 40.
Rxf3 Re2 41. Rc3 Bd6 42. Kg4 Rxh2 43. Kf3 Kf7 44. Ke4 Rg2 45. Rb3 Rxg3 46. Rb7
Rg4+ 47. Kd5 Ra4 48. c4 Ra5+ 49. Ke4 Rxa2 50. c5 Bxc5 51. Rxc7+ Be7 52. Rb7 h5
53. Kf4 Ra4+ 54. Ke5 h4 55. Rb3 Rb4 56. Rh3 Rxb2 0-1

[Event "Superettan(Kungstornet-Limhamn II)"]
[Site "?"]
[Date "2013.11.22"]
[Round "1"]
[White "Aronsson, Marten"]
[Black "Liedbeck, Patrik"]
[Result "1-0"]
[WhiteElo "2226"]
[BlackElo "1956"]
[PlyCount "47"]

1. d4 Nf6 2. Nf3 g6 3. g3 Bg7 4. Bg2 d5 5. O-O O-O 6. c4 c6 7. Nc3 h6 8. cxd5
cxd5 9. Ne5 Nc6 10. f4 Bf5 11. e3 Ne4 12. Qb3 Bxe5 13. fxe5 Nxc3 14. bxc3 e6
15. e4 dxe4 16. Bxh6 Na5 17. Qc2 Re8 18. Qc1 Qe7 19. Bg5 Qf8 20. Rf4 f6 21.
Bxf6 Qh6 22. g4 g5 23. Rf2 Bxg4 24. Bxe4 1-0

[Event "Superettan(Manhem I-Orebro)"]
[Site "?"]
[Date "2013.11.22"]
[Round "1"]
[White "Drugge, Patrick"]
[Black "Akesson, Joel"]
[Result "1/2-1/2"]
[WhiteElo "2235"]
[BlackElo "2358"]
[PlyCount "65"]

1. e4 e6 2. d4 d5 3. exd5 exd5 4. Nf3 Bd6 5. c4 c6 6. Nc3 Ne7 7. Bd3 O-O 8. O-O
dxc4 9. Bxc4 Nd7 10. Ne4 Nb6 11. Bd3 Bf5 12. Re1 Bb4 13. Re2 Bg4 14. Neg5 h6
15. Ne5 Bh5 16. g4 hxg5 17. gxh5 Ned5 18. Bc2 Nf4 19. Bxf4 gxf4 20. Nf3 Qf6 21.
Qd3 Qh6 22. Qf5 Nd5 23. a3 Bd6 24. Ne5 Nf6 25. Ng4 Nxg4 26. Qxg4 Rae8 27. Rae1
Rxe2 28. Rxe2 f3 29. Re3 g6 30. Qxf3 Qxh5 31. Qxh5 gxh5 32. Rh3 Bf4 33. Rxh5
1/2-1/2

[Event "Superettan(Manhem I-Orebro)"]
[Site "?"]
[Date "2013.11.22"]
[Round "1"]
[White "Welin, Mats"]
[Black "Zetterberg, Staffan"]
[Result "1/2-1/2"]
[WhiteElo "2384"]
[BlackElo "2298"]
[PlyCount "48"]

1. e4 Nf6 2. e5 Nd5 3. d4 d6 4. c4 Nb6 5. exd6 exd6 6. Nc3 Be7 7. Bd3 O-O 8.
Nge2 Bg4 9. Qc2 g6 10. Be3 Nc6 11. a3 d5 12. c5 Nc4 13. Nf4 Nxe3 14. fxe3 Be6
15. O-O Bg5 16. Rf3 Ne7 17. Raf1 Qd7 18. h3 c6 19. g4 f5 20. Nxe6 Qxe6 21. Qf2
Bh6 22. Qg3 fxg4 23. hxg4 Rxf3 24. Rxf3 Rf8 1/2-1/2